ბათუმის შოთა რუსთაველის სახელმწიფო უნივერსიტეტის ბიბლიოთეკა

ენა და კულტურა № 13. 2015 (ბიბ.ჩანაწერი № 53943)

000 -LEADER
fixed length control field 00729nam a2200193Ia 4500
001 - CONTROL NUMBER
control field 20994
003 - CONTROL NUMBER IDENTIFIER
control field GE_BSU
008 - FIXED-LENGTH DATA ELEMENTS--GENERAL INFORMATION
fixed length control field 181216s||||||||xx |||||||||||||| ||und||
040 ## - CATALOGING SOURCE
Transcribing agency GE_BSU
245 ## - TITLE STATEMENT
Title ენა და კულტურა № 13. 2015
245 ## - TITLE STATEMENT
Remainder of title სამეცნიერო რეფერირებადი ჟურნალი
245 ## - TITLE STATEMENT
Statement of responsibility, etc. მთ.რედ. მანანა მიქაძე
250 ## - EDITION STATEMENT
Edition statement ჰუმანიტარ. და პედაგ. მეცნიერ. განვით. ფონდი
260 ## - PUBLICATION, DISTRIBUTION, ETC.
Place of publication, distribution, etc. ქუთაისი
260 ## - PUBLICATION, DISTRIBUTION, ETC.
Date of publication, distribution, etc. 2015
300 ## - PHYSICAL DESCRIPTION
Extent 188 გვ. ; 29 სმ.
653 ## - INDEX TERM--UNCONTROLLED
Uncontrolled term ენა და კულტურა № 13. 2015
942 ## - ADDED ENTRY ELEMENTS (KOHA)
Koha item type პერიოდიკა
ეგზემპლარები
Withdrawn status Lost status Damaged status Not for loan Date acquired Barcode Date last seen Price effective from Koha item type Public note
        2018-12-17 p 78645 2018-12-17 2018-12-17 პერიოდიკა პერიოდიკა
        2018-12-17 p 78646 2018-12-17 2018-12-17 პერიოდიკა